| 000 | 02185cam a22005054i 4500 | ||
|---|---|---|---|
| 001 | u39234 | ||
| 003 | PE-LiUPU | ||
| 005 | 20250731173327.0 | ||
| 008 | 150710s1998 xxu r 000 0 spa d | ||
| 020 | _a1575540436 | ||
| 035 | _a(Sirsi) i9781575540436 | ||
| 040 |
_aPE-LiUPU _bspa _cPE-LiUPU _erda |
||
| 041 | 1 |
_aSpa _heng |
|
| 082 | 0 | 4 |
_a286.7325 _bT42 1998 |
| 100 | 1 |
_aWhite, Elena G. de, _d1827-1915, _eautor. |
|
| 245 | 1 | 0 |
_aTestimonios para la iglesia : _bcontiene los testimonios no 37.9 / _cElena G. de White. |
| 264 | 1 |
_aFlorida : _bInteramericana, _c1998. |
|
| 300 |
_a255 páginas ; _c21 centímetros |
||
| 336 |
_atext _2rdacontent |
||
| 337 |
_aunmediated _2rdamedia |
||
| 338 |
_avolume _2rdacarrier |
||
| 505 | 0 | _aPara la venida del rey -- La obra en las ciudades -- La obra de la salud -- El espíritu de unidad -- Entre la gente de color -- La obra en favor de la libertad religiosa -- Consejos oportunos. . | |
| 526 | _aSEG42 | ||
| 526 | _aSEG41 | ||
| 526 | _aSEG40 | ||
| 526 | _aSEG39 | ||
| 526 | _aP94 | ||
| 526 | _aP87 | ||
| 526 | _aP86 | ||
| 526 | _aP85 | ||
| 526 | _aP77 | ||
| 526 | _aP76 | ||
| 526 | _aP35 | ||
| 534 | _aTítulo original :tTestimonies for the Church. | ||
| 541 | _g001-000386; | ||
| 596 | _a1 2 | ||
| 610 | 2 |
_aIASD _xDoctrinas. |
|
| 650 | 0 | 4 |
_aAdventistas del séptimo día _xDoctrinas. |
| 942 |
_2ddc _cBOOK |
||
| 949 |
_a286.7325 TPI 9 _wDEWEY _c1 _i58720 _f2018-2-7 _g2 _lCCODEBUL1 _mBUL _p22.00 _r0 _sY _tBOOK _u2015-7-10 _xTEOLOGIA _PP35 _0COMPRA _o.STAFF. Colección General |
||
| 949 |
_aW286.7325 TI T9 1998 _wDEWEY _c1 _iFT01904 _lCCODEBUT1 _mBUT _p5.00 _r0 _sY _tBOOK _u2016-11-9 _xBIBLIOTECA _zUNKNOWN _0DONACION _o.STAFF. Colección General |
||
| 999 |
_a286.7325 TPI 9 _wDEWEY _c47595 _i58720 _d47595 _f2021-11-11 _g5 _lCCODEBUL1 _mBUL _p22.00 _q1 _r0 _sY _tBOOK _u2015-7-10 _xTEOLOGIA _PP35 _0COMPRA _o.STAFF. Colección General |
||
| 999 |
_aW286.7325 TI T9 1998 _wDEWEY _c1 _iFT01904 _f2019-2-20 _g2 _lCCODEBUT1 _mBUT _p5.00 _r0 _sY _tBOOK _u2016-11-9 _xBIBLIOTECA _zUNKNOWN _0DONACION _o.STAFF. Colección General |
||
| 980 |
_81 _gALBERTO SANCHEZ Responsable de Automatización |
||